La discriminación de los conversos y la tibetización de Castilla, por Felipe II / (Record no. 77274)

MARC details
000 -LEADER
campo de control de longitud fija 00632nam a2200169 i 4500
001 - NÚMERO DE CONTROL
campo de control 77274
003 - IDENTIFICADOR DE NÚMERO DE CONTROL
campo de control ES-MaACL
005 - FECHA Y HORA DE LA ÚLTIMA TRANSACCIÓN
campo de control 20230906173136.0
007 - CAMPO FIJO DE DESCRIPCIÓN FÍSICA--INFORMACIÓN GENERAL
campo de control de longitud fija t|
008 - DATOS DE LONGITUD FIJA--INFORMACIÓN GENERAL
campo de control de longitud fija 041007s1973 sp ||||1| spa d
100 1# - ENTRADA PRINCIPAL--NOMBRE DE PERSONA
Nombre de persona Gutierrez Nieto, Juan Ignacio.
9 (RLIN) 61197
245 13 - MENCIÓN DEL TÍTULO
Título La discriminación de los conversos y la tibetización de Castilla, por Felipe II /
Mención de responsabilidad, etc. Juan Ignacio Gutiérrez Nieto.
260 ## - PUBLICACIÓN, DISTRIBUCIÓN, ETC.
Lugar de publicación, distribución, etc. [Madrid :
Nombre del editor, distribuidor, etc. Universidad Complutense de Madrid,
Fecha de publicación, distribución, etc. 1973]
300 ## - DESCRIPCIÓN FÍSICA
Extensión 16 h. ;
Dimensiones 24 cm.
500 ## - NOTA GENERAL
Nota general Es separata de: Revista de la Universidad Complutense. Vol. XXII, nº 87, pág. 99-129.
852 ## - LOCALIZACIÓN
Ubicación ES-MaACL
Número de control de estantería 2091-F-31
Sublocalización o colección R.92144
Holdings
Estatus retirado Estado de pérdida Estado de daño No para préstamo Colección Biblioteca de origen Biblioteca actual Ubicación en estantería Fecha de adquisición Fuente de adquisición Total de préstamos Signatura topográfica completa Código de barras Visto por última vez Precio de reemplazo Tipo de ítem Koha
        Colección de folletos Biblioteca del Ateneo de Madrid Biblioteca del Ateneo de Madrid Depósito folletos 17/01/2008     2091-F-31 1080851 23/02/2023 23/02/2023 Folleto